书目信息 |
| 题名: |
马克·吐温中短篇小说选
|
|
| 作者: | 马克·吐温 著 ;叶冬心 译 | |
| 分册: | ||
| 出版信息: | 北京 人民文学出版社 2001.12 |
|
| 页数: | 383页 | |
| 开本: | 21cm | |
| 丛书名: | 名著名译插图本 | |
| 单 册: | ||
| 中图分类: | I712.44 | |
| 科图分类: | ||
| 主题词: | 短篇小说--美国--近代--作品集 , 中篇小说--美国--近代--作品集 | |
| 电子资源: | ||
| ISBN: | 7-02-003953-7 | |
| 000 | 01107nam 2200301 450 | |
| 001 | 010259991250 | |
| 005 | 20051025101425.82 | |
| 010 | @a7-02-003953-7@dCNY16.00 | |
| 100 | @a20050708d2001 km y0chiy0120 ea | |
| 101 | 1 | @achi@ceng |
| 102 | @aCN@b110000 | |
| 105 | @aa z 000ay | |
| 200 | 1 | @a马克·吐温中短篇小说选@Ama ke·tu wen zhong duan pian xiao shuo xuan@f(美) 马克·吐温著@F(mei)ma ke·tu wen zhu@g叶冬心译@Gye dong xin yi |
| 210 | @a北京@c人民文学出版社@d2001.12 | |
| 215 | @a383页@c图@d21cm | |
| 225 | 2 | @a名著名译插图本 |
| 306 | @a据Doubleday & Company公司1985年版选译。 | |
| 312 | @a英文并列题名取自版权页。 | |
| 330 | @a本书收有“中世纪的骑士故事”、“神秘的访问”、“竞选州长”等马克·吐温名作。 | |
| 410 | 0 | @12001 @a名著名译插图本 |
| 510 | 1 | @aComplete short stories of Mark Twain@zeng |
| 606 | 0 | @a短篇小说@y美国@z近代@x作品集 |
| 606 | 0 | @a中篇小说@y美国@z近代@x作品集 |
| 690 | @aI712.44@v4 | |
| 701 | 1 | @a马克·吐温@Ama ke·tu wen@g(Mark Twain),@f1835-1910@4著 |
| 702 | 0 | @a叶冬心@Aye dong xin@4译 |
| 801 | 0 | @aCN@bQSSK@c20051025 |
| 905 | @a10447@dI712.44@eM082 | |
| 马克·吐温中短篇小说选/(美) 马克·吐温著/叶冬心译.-北京:人民文学出版社,2001.12 |
| 383页:图;21cm.-(名著名译插图本) |
| ISBN 7-02-003953-7:CNY16.00 |
| 本书收有“中世纪的骑士故事”、“神秘的访问”、“竞选州长”等马克·吐温名作。 |
| ● |
| 相关链接 |
|
|
|
正题名:马克·吐温中短篇小说选
索取号:I712.44/M082
 
预约/预借
| 序号 | 登录号 | 条形码 | 馆藏地/架位号 | 状态 | 备注 |
| 1 | 571741 | 205717410 | 文学库116/116文学库 25排6列6层/ [索取号:I712.44/M082] | 在馆 | |
| 2 | 571742 | 205717429 | 社科二线422/422社科库 32排1列3层/ [索取号:I712.44/M082] | 在馆 | |
| 3 | 571743 | 205717438 | 社科二线422/422社科库 32排2列2层/ [索取号:I712.44/M082] | 在馆 | |
| 4 | 571744 | 205717447 | 文学库116/116文学库 25排6列6层/ [索取号:I712.44/M082] | 在馆 | |
| 5 | 571745 | 205717456 | 社科二线422/422社科库 32排1列3层/ [索取号:I712.44/M082] | 在馆 |